How to succeed at being yourself : (Record no. 1130)

MARC details
000 -LEADER
fixed length control field 00774cam a2200253 a 4500
005 - DATE AND TIME OF LATEST TRANSACTION
control field 20260322212048.0
008 - FIXED-LENGTH DATA ELEMENTS--GENERAL INFORMATION
fixed length control field data
010 ## - LIBRARY OF CONGRESS CONTROL NUMBER
LC control number 00550514
020 ## - INTERNATIONAL STANDARD BOOK NUMBER
International Standard Book Number 1577941640
020 ## - INTERNATIONAL STANDARD BOOK NUMBER
International Standard Book Number 9781577941644
040 ## - CATALOGING SOURCE
Original cataloging agency BYN
Transcribing agency BYN
Modifying agency DLC
-- DLC
042 ## - AUTHENTICATION CODE
Authentication code lccopycat
050 00 - LIBRARY OF CONGRESS CALL NUMBER
Classification number BV4598.2
Item number .M49 1999
082 00 - DEWEY DECIMAL CLASSIFICATION NUMBER
Classification number 248.4
Edition information 21
092 ## - LOCALLY ASSIGNED DEWEY CALL NUMBER (OCLC)
Classification number 248.4 M49 1999
001 - CONTROL NUMBER
control field data
100 1# - MAIN ENTRY--PERSONAL NAME
Personal name Meyer, Joyce,
Dates associated with a name 1943-
245 10 - TITLE STATEMENT
Title How to succeed at being yourself :
Remainder of title finding the confidence to fulfill your destiny /
Statement of responsibility, etc. Joyce Meyer.
260 ## - PUBLICATION, DISTRIBUTION, ETC.
Place of publication, distribution, etc. Tulsa, Okla. :
Name of publisher, distributor, etc. Harrison House,
Date of publication, distribution, etc. c1999.
300 ## - PHYSICAL DESCRIPTION
Extent 260 p. ;
Dimensions 24 cm.
504 ## - BIBLIOGRAPHY, ETC. NOTE
Bibliography, etc. note Includes bibliographical references.
650 #0 - SUBJECT ADDED ENTRY--TOPICAL TERM
Topical term or geographic name entry element Self-actualization (Psychology)
General subdivision Christianity.
-- Christianity.
650 #0 - SUBJECT ADDED ENTRY--TOPICAL TERM
Topical term or geographic name entry element Spiritual life
General subdivision Christianity.
Holdings
Withdrawn status Lost status Damaged status Not for loan Home library Current library Shelving location Date acquired Total checkouts Full call number Barcode Date last seen Price effective from Koha item type
        Franklin Franklin General stacks 22/03/2026   248.4 21 BC0011167 22/03/2026 22/03/2026 Books